000 00307nam a22001337a 4500
008 170907b xxu||||| |||| 00| 0 eng d
020 _a9780471286165
041 _aeng
080 _22ND
_a72
100 _a41
101 _aARK
245 _aARCHITECTURE FORM, SPACE AND ORDER
_cCHING,F.D
942 _2udc
_cBK
999 _c26424
_d26424